00289nam a2200121Ia 4500008004100000041000800041082001200049100002200061245001600083260003300099300003000132365000500162240624s9999 xx 000 0 und d aeng a823 FOR aFORSYTH FREDERICK aODESSA FILE c1995aNew YorkbBantam Books axi, : 334 : p. : cm. ; 17 c